বাংলাদেশের নারী সমাজ : (Record no. 77688)
[ view plain ]
| 000 -LEADER | |
|---|---|
| fixed length control field | 01902nam a2200265 a 4500 |
| 001 - CONTROL NUMBER | |
| control field | 77688 |
| 003 - CONTROL NUMBER IDENTIFIER | |
| rucl marc code | BD-RjUL |
| 005 - DATE AND TIME OF LATEST TRANSACTION | |
| control field | 20211209083018.0 |
| 008 - FIXED-LENGTH DATA ELEMENTS--GENERAL INFORMATION | |
| fixed length control field | 201227s2007 bg a|||| m||| 00| 0 ben d |
| 035 ## - SYSTEM CONTROL NUMBER | |
| System control number | (BD-RjUL)77914 |
| 040 ## - CATALOGING SOURCE | |
| Original cataloging agency | BD-RjUL |
| Language of cataloging | ben /eng |
| Transcribing agency | BD-RjUL |
| Modifying agency | BD-RjUL |
| 041 ## - LANGUAGE CODE | |
| Language code of text/sound track or separate title | ben |
| 082 ## - DEWEY DECIMAL CLASSIFICATION NUMBER | |
| Classification number | 305.4095492 |
| Author mark and year | NAB 2007 |
| Edition number | 23 |
| 100 ## - MAIN ENTRY--PERSONAL NAME | |
| Personal name | নাহার, শামসুন |
| 9 (RLIN) | 242966 |
| 245 10 - TITLE STATEMENT | |
| Title | বাংলাদেশের নারী সমাজ : |
| Remainder of title | সংবাদপত্র ভিত্তিক একটি সমীক্ষা (১৯৭১-১৯৯০) / |
| Statement of responsibility, etc. | শামসুন নাহার ; |
| Linkage | গবেষণা তত্ত্বাবধায়ক : মুহম্মদ নূরুল কাইয়ুম ; সহ- গবেষণা তত্ত্বাবধায়ক : মু. ময়েজুল ইসলাম |
| 260 ## - PUBLICATION, DISTRIBUTION, ETC. (IMPRINT) | |
| Place of publication, distribution, etc. | রাজশাহী : |
| Name of publisher, distributor, etc. | ইতিহাস বিভাগ , রাজশাহী বিশ্ববিদ্যালয়, |
| Date of publication, distribution, etc. | ২০০৭ |
| 300 ## - PHYSICAL DESCRIPTION | |
| Pagination | [৪] , ৩০৩ পাতা : |
| Illustrations | চিএ ; |
| Size | ২৮ সেমি. |
| 502 ## - DISSERTATION NOTE | |
| Dissertation note | থিসিস (পিএইচ . ডি.) -- ইতিহাস বিভাগ, রাজশাহী বিশ্ববিদ্যালয়, ২০০৭ |
| 504 ## - BIBLIOGRAPHY, ETC. NOTE | |
| Bibliography, etc | গ্রন্থপঞ্জি : পাতা [২৮৪]-৩০৩ |
| 650 ## - SUBJECT ADDED ENTRY--TOPICAL TERM | |
| Topical term or geographic name as entry element | গণমাধ্যমে নারী |
| Geographic subdivision | বাংলাদেশ |
| Chronological subdivision | ১৯৭১-১৯৯০ |
| General subdivision | কেস স্টাডিজ |
| 9 (RLIN) | 242967 |
| Topical term or geographic name as entry element | women in Mass Media |
| Geographic subdivision | Bangladesh |
| Chronological subdivision | 1971-1990 |
| 9 (RLIN) | 242968 |
| General subdivision | case studies |
| 700 ## - ADDED ENTRY--PERSONAL NAME | |
| Personal name | কাইয়ুম, মুহম্মদ নূরুল, গবেষণা তত্ত্বাবধায়ক |
| Personal name | ইসলাম, মু. ময়েজুল, সহ- গবেষণা তত্ত্বাবধায়ক |
| 942 ## - ADDED ENTRY ELEMENTS (KOHA) | |
| Source of classification or shelving scheme | Dewey Decimal Classification |
| Koha item type | Theses |
| Lost status | Source of classification or shelving scheme | Damaged status | Not for loan | Collection code | Permanent Location | Current Location | Shelving location | Date acquired | Source of acquisition | Total Checkouts | Full call number | Date last seen | Copy number | Koha item type |
|---|---|---|---|---|---|---|---|---|---|---|---|---|---|---|
| Dewey Decimal Classification | Not For Loan | Theses | Central Library, University of Rajshahi | Central Library, University of Rajshahi | Documentation Section | 16/08/2009 | Controller of Exam., R.U. | BTHE 305.4095492 NAB 2007 | 27/12/2020 | C-1 | Theses |